Länderraten III (mit Bild) - Statistiken

Allgemein
  • Dieses Quiz wurde 79 mal gespielt
    78 seit der letzten Aktualisierung
  • Das Durchschnittsergebnis liegt bei 7 aus 16
Antwortstatistiken
Bildquiz Antwort % Korrekt
Österreich
91%
Schweiz
84%
Peru
81%
Kuba
80%
Norwegen
56%
Kroatien
52%
Saudi Arabien
39%
Dänemark
38%
Iran
34%
Marokko
34%
Portugal
34%
Chile
27%
Usbekistan
11%
Belarus
9%
Äthiopien
3%
Serbien
2%
Keine übereinstimmenden Quizze gefunden
Verteilung der Resultate
Anzahl Personen mit jedem Resultat
Perzentil nach korrekt beantworteten Fragen
Ihre Resultats-Entwicklung
Sie haben dieses Quiz seit der letzten Aktualisierung nicht gespielt